000 00785nam a22002777a 4500
001 5581
003 FISKH
005 20241219090611.0
008 241219b cb ||||| |||| 00| 0 eng d
020 _a9780545060813
040 _aFISKH
_beng
_cFISKH
_dFISKH
050 _aLB1585.S355
082 _a597
100 _aBennett, Elizabeth
245 _aFantastic fish /
_cElizabeth Bennett
260 _aNew York :
_bScholastic,
_c2009.
300 _a16 pages :
_bcolor illustrations ;
_c23 cm
490 _aScience Vocabulary Readers
505 _aM
520 _aDo you know what makes a fish a fish? Find out in this book.
521 8 _a540
_bLexile
521 8 _aM
_bRaz-Plus
650 _aOcean Animals
_vCreation
942 _2ddc
_cBK
_n0
999 _c5581
_d5581